| 000 | 00531nam a22002177a 4500 | ||
|---|---|---|---|
| 999 |
_c458804 _d458804 |
||
| 001 | 5150503 | ||
| 003 | UA-OsUOA | ||
| 005 | 20200409110731.0 | ||
| 008 | 200409b un ||||| |||| 00| 0 ukr d | ||
| 040 |
_aUA-OsUOA _bukr _cUA-OsUOA _dUA-OsUOA |
||
| 041 | _aukr | ||
| 080 | _a821.161.2 | ||
| 090 |
_a821.161.2 _bГ14 |
||
| 110 | _4Гай Ю | ||
| 245 |
_aЗ ким і проти кого _cЮрій Гай |
||
| 260 |
_aКиїв _bМолодь _c1980 |
||
| 300 | _a221 с. | ||
| 650 | _2821 | ||
| 942 |
_2udc _cBK |
||
| 955 | _a3 | ||